000
00302 a2200109 4500
090
_c
38733
_d
38733
100
_a
Dte of Studies CFT
245
_a
Organization & Administration For GD (P) & Non GD Courses
_h
English
260
_a
Masoor
_b
2006
_c
PAF Press Masoor
300
_a
143p
942
_a
CAE NUST
_c
TXT
999
_c
459865
_d
459865